[Event "Challenge"]
[Site "http://www.queenalice.com/game.php?id=1228440"]
[Date "2013.10.30"]
[Round "-"]
[White "valterbastos"]
[Black "Clewilson"]
[Result "1-0"]
[WhiteElo "1402"]
[BlackElo "1618"]

1. e4 e5 2. Nf3 d6 3. Bb5+ c6 4. Be2 g5 5. h3 h5 6. d4 g4 7. hxg4 Bxg4 8. Nc3
Nd7 9. dxe5 Nxe5 10. Be3 Bh6 11. Nxe5 dxe5 12. Bxg4 hxg4 13. Qxg4 Qf6 14. f4
exf4 15. Bxf4 Bxf4 16. Rxh8 Qxh8 17. Qxf4 Rd8 18. Ke2 Qd4 19. Rd1 Qc4+ 20. Rd3
b5 21. Qe5+ Qe6 22. Qc7 Qg4+ 23. Kf2 Rc8 24. Qe5+ Ne7 25. Rg3 Qe6 26. Qh8+ Kd7
27. Rd3+ Kc7 28. Qd4 Kb8 29. a4 c5 30. Qd7 b4 31. Nb5 Nc6 32. Rd6 Qxd7 33. Rxd7
Rd8 34. Rxf7 Rd2+ 35. Ke3 Rxc2 36. Rf8+ Kb7 37. Nd6+ Ka6 38. b3 Rc3+ 39. Kd2
Rxb3 40. g4 Rb2+ 41. Kc1 Rg2 42. Rg8 b3 43. Nc4 Rc2+ 44. Kb1 Rxc4 45. g5 Rc2 46.
g6 Nb4 47. Rd8 c4 48. g7 c3 49. g8=Q Na2 50. Qc4+ Ka5 51. Qb5# 1-0

[Event "Quero ser preto!!!"]
[Site "http://www.queenalice.com/game.php?id=1228625"]
[Date "2013.10.30"]
[Round "-"]
[White "Clewilson"]
[Black "valterbastos"]
[Result "0-1"]
[WhiteElo "1593"]
[BlackElo "1427"]

1. Nf3 Nc6 2. Nc3 e5 3. e4 Nf6 4. Bc4 Bc5 5. Na4 Nxe4 6. O-O Bxf2+ 7. Kh1 d5 8.
Bb5 Bd7 9. d3 Bd4 10. dxe4 dxe4 11. Ng5 f5 12. Qh5+ g6 13. Qh6 Qe7 14. Bc4 Nd8
15. Bb3 Bb5 16. Rd1 c5 17. c3 Bf2 18. Rf1 Bxf1 19. Bd5 e3 20. Nxh7 Qxh7 21. Bxe3
Bxe3 22. Qxh7 Rxh7 23. Rxf1 Rh8 24. Re1 f4 25. b4 Rc8 26. b5 b6 27. h3 Nf7 28.
Bc6+ Ke7 29. Rd1 f3 30. Rd7+ Kf6 31. Bd5 f2 32. Rxf7+ Kg5 33. Rf3 Rcd8 34. Bc4
Rd1+ 35. Kh2 e4 36. Rxe3 Kf4 37. Nb2 Rhd8 38. Rg3 R8d4 39. Rg4+ Kf5 40. a4 Rxc4
41. Nxc4 f1=Q 42. Ne3+ Ke5 43. Nxf1 Rxf1 44. Rxg6 e3 45. Rg7 Ke4 46. Rxa7 Kd3
47. Ra6 e2 48. Rxb6 e1=Q 49. g3 Qf2# 0-1

[Event "Challenge"]
[Site "http://www.queenalice.com/game.php?id=1236361"]
[Date "2013.11.29"]
[Round "-"]
[White "eduardocosta"]
[Black "Clewilson"]
[Result "1-0"]
[WhiteElo "1675"]
[BlackElo "1570"]

1. e3 e5 2. Be2 d6 3. Nf3 Nc6 4. d4 e4 5. Nfd2 d5 6. c4 Nf6 7. cxd5 Qxd5 8. Nc3
Qf5 9. O-O h5 10. Qc2 Qg6 11. Kh1 h4 12. Ncxe4 h3 13. Bf3 Qh6 14. g3 Ng4 15. Qd1
Nxh2 16. Kxh2 f5 17. Nc3 Bd6 18. Nc4 Be7 19. Nd5 Kd8 20. e4 g5 21. exf5 Bxf5 22.
Nxe7 Nxe7 23. Ne5 Qg7 24. Qb3 Rb8 25. Nf7+ Kc8 26. Nxh8 Qxh8 27. Qf7 g4 28. Bh1
Qd8 29. Bg5 Bg6 30. Qxe7 Qxe7 31. Bxe7 Kd7 32. Bg5 b6 33. f3 Bd3 34. Rf2 Rf8 35.
f4 a5 36. Rd2 Bc4 37. b3 Be6 38. Bh6 Rf6 39. Bg7 Rf7 40. Be5 c6 41. Rc2 Bd5 42.
Bxd5 cxd5 43. Rac1 Rf8 44. Rc7+ Ke6 45. R7c6+ Kd7 46. Rxb6 Rc8 47. Rxc8 Kxc8 48.
Rb5 1-0

[Event "Invitation"]
[Site "http://www.queenalice.com/game.php?id=1247987"]
[Date "2014.1.14"]
[Round "-"]
[White "IgorMoura"]
[Black "Clewilson"]
[Result "0-1"]
[WhiteElo "1242"]
[BlackElo "1558"]

1. e3 e5 2. Nf3 d6 3. Nc3 c6 4. g3 d5 5. Nxe5 Qg5 6. Nf3 Qh5 7. Rg1 Bg4 8. Be2
Nd7 9. Rh1 f6 10. h3 Bxh3 11. Ng1 Qf5 12. Nxh3 h5 13. Nf4 g5 14. Bxh5+ Kd8 15.
Ng6 Rh6 16. Nxf8 Nxf8 17. g4 Qe6 18. Ne2 f5 19. Nd4 Qe5 20. gxf5 Nf6 21. b3 c5
22. Ba3 N8d7 23. Rb1 cxd4 24. Rh3 Qxf5 25. Rh1 Qh7 26. c3 d3 27. f4 gxf4 28.
exf4 Nxh5 29. Qg4 Nhf6 30. Qg5 Rxh1+ 31. Kf2 Rxb1 32. Qe5 Nxe5 33. fxe5 Qf5+ 34.
Ke3 Qe4+ 35. Kf2 Nh5 36. e6 Qe2# 0-1

[Event "Challenge"]
[Site "http://www.queenalice.com/game.php?id=1248946"]
[Date "2014.1.17"]
[Round "-"]
[White "eduardocosta"]
[Black "Clewilson"]
[Result "1-0"]
[WhiteElo "1685"]
[BlackElo "1561"]

1. e3 d5 2. Be2 b6 3. Bf3 Nf6 4. b3 g5 5. Bb2 Nc6 6. Bxf6 exf6 7. Nc3 h5 8. Nxd5
Ne5 9. Nxf6+ Qxf6 10. Bxa8 Ng4 11. Bf3 Ne5 12. d4 Ng4 13. Qd3 Bf5 14. e4 Bd7 15.
Ne2 Bb4+ 16. c3 Ba3 17. e5 Qe6 18. O-O h4 19. c4 f5 20. d5 Qh6 21. e6 Bc8 22.
Qxf5 Nf6 23. Rab1 g4 24. Bxg4 Rg8 25. Bh3 Bd6 26. Nd4 Qg5 27. Qxg5 Rxg5 28. Nc6
a6 29. Nd4 Bb7 30. a4 Ne4 31. Rfe1 Nf6 32. Nf3 Rh5 33. Nd4 c5 34. Nf5 Rxf5 35.
Bxf5 Nh5 36. Re4 h3 37. Bxh3 b5 38. axb5 axb5 39. Rh4 Nf4 40. Rh8+ Bf8 41. Bf5
bxc4 42. bxc4 Ba6 43. Rb8+ 1-0

[Event "Challenge"]
[Site "http://www.queenalice.com/game.php?id=1249698"]
[Date "2014.1.20"]
[Round "-"]
[White "Clewilson"]
[Black "valterbastos"]
[Result "0-1"]
[WhiteElo "1554"]
[BlackElo "1529"]

1. e4 e5 2. d4 d6 3. Qf3 Nf6 4. d5 c6 5. Nc3 b5 6. Nge2 Bg4 7. Qg3 b4 8. Nd1 h5
9. f3 h4 10. Qf2 Bd7 11. Bd2 c5 12. a3 Na6 13. c3 bxc3 14. Bxc3 g5 15. g3 hxg3
16. Qxg3 Nh5 17. Qg1 f5 18. Ng3 Nf4 19. exf5 Rc8 20. Bxa6 Rb8 21. b4 Rb6 22. Qf1
Nxd5 23. Bc4 Nxc3 24. Nxc3 Bc6 25. b5 Bb7 26. a4 g4 27. a5 Bxf3 28. Rg1 Rb8 29.
b6 axb6 30. a6 e4 31. Bd5 Bg7 32. a7 Bxc3+ 33. Kf2 Bd4+ 34. Ke1 Bxa1 35. axb8=N
Qxb8 36. Nxe4 Qa7 37. Nxd6+ Kd7 38. Qb5+ Ke7 39. Bxf3 gxf3 40. Rg7+ Bxg7 41. Qd3
Bd4 42. Nb5 Qa1+ 43. Qd1 Qa5+ 44. Qd2 Qxb5 45. Qe2+ fxe2 46. Kd2 Qb2+ 47. Ke1
Qc3+ 48. Kxe2 Rxh2+ 49. Kd1 Qa1# 0-1

[Event "VITORIA"]
[Site "http://www.queenalice.com/game.php?id=1249699"]
[Date "2014.1.20"]
[Round "-"]
[White "valterbastos"]
[Black "Clewilson"]
[Result "1-0"]
[WhiteElo "1502"]
[BlackElo "1571"]

1. e4 d5 2. d3 e5 3. Nf3 Qd6 4. Nc3 d4 5. Nb5 Qe7 6. c4 a6 7. Na3 Nf6 8. h4 h6
9. h5 g5 10. g4 Bxg4 11. Bh3 Bxh3 12. Rxh3 g4 13. Rg3 gxf3 14. Qxf3 Nc6 15. Bd2
Nb4 16. Bxb4 Qxb4+ 17. Kf1 Be7 18. Nc2 Qxb2 19. Qd1 b5 20. Qb1 Qc3 21. a4 bxc4
22. Ne1 cxd3 23. Nxd3 Nxe4 24. Qb7 Qxa1+ 25. Kg2 Rd8 26. Qxe4 Rb8 27. Qxe5 Kd7
28. Rg7 Rhf8 29. Qd5+ Ke8 30. Ne5 Qxa4 31. Rxf7 Rh8 32. Rxe7+ Kxe7 33. Ng6+ Kf6
34. Qe5+ Kf7 35. Qxc7+ Kf6 36. Qe7+ Kf5 37. Qe5+ Kg4 38. f3# 1-0

[Event "Challenge"]
[Site "http://www.queenalice.com/game.php?id=1254319"]
[Date "2014.2.6"]
[Round "-"]
[White "Clewilson"]
[Black "IgorMoura"]
[Result "1-0"]
[WhiteElo "1561"]
[BlackElo "1225"]

1. e4 e6 2. d4 g6 3. c3 b6 4. g3 Nf6 5. e5 Ne4 6. f3 Ng5 7. f4 Ne4 8. Bg2 Bb7 9.
Qe2 a5 10. Bxe4 Bxe4 11. Qxe4 Nc6 12. Nf3 d5 13. Qe2 h6 14. Na3 Rg8 15. h4 f6
16. Qb5 Kd7 17. exf6 Qxf6 18. Ne5+ Kc8 19. Qxc6 Kb8 20. Nd7+ Ka7 21. Nxf6 1-0

[Event "OS INCLIVEIS"]
[Site "http://www.queenalice.com/game.php?id=1255758"]
[Date "2014.2.12"]
[Round "-"]
[White "adelio"]
[Black "Clewilson"]
[Result "0-1"]
[WhiteElo "1736"]
[BlackElo "1537"]

1. d4 e6 2. e4 Nf6 3. e5 Nd5 4. c4 Nb4 5. a3 N4a6 6. Nc3 c6 7. Be2 d6 8. Nf3 d5
9. Ng5 h6 10. Nxf7 Kxf7 11. Bh5+ g6 12. Qf3+ Kg7 13. Bxg6 Kxg6 14. Qg4+ Kf7 15.
Qh5+ Kg7 16. h4 Kg8 17. Qg6+ Bg7 18. Bd2 Nd7 19. O-O-O Nf8 20. Qg3 dxc4 21. Ne4
Nc7 22. Nf6+ Kf7 23. Qf3 Bxf6 24. Rh3 Nd7 25. Qh5+ Ke7 26. Rf3 a5 27. Bxh6 Qe8
28. Qxe8+ Nxe8 29. exf6+ Ndxf6 30. Bg5 Kf7 31. Re1 Kg6 32. Bxf6 Nxf6 33. Rg3+
Kf7 34. Rf3 Rxh4 35. g3 Rxd4 36. Rh1 Kg6 37. Rf4 Rxf4 38. gxf4 b5 39. f3 b4 40.
a4 b3 41. Kd2 Ba6 42. Ke3 Rd8 43. Rg1+ Kf7 44. Rg5 Rd3+ 45. Kf2 Rd2+ 46. Kg3
Rxb2 47. f5 e5 48. f4 Rb1 49. Kf2 exf4 50. Kf3 Rf1+ 51. Kg2 c3 52. Kh2 c2 53.
Rg6 c1=Q 54. Rxf6+ Kxf6 55. Kh3 Qe3+ 56. Kh4 Qg3+ 57. Kh5 Rh1# 0-1

[Event "Challenge"]
[Site "http://www.queenalice.com/game.php?id=1255759"]
[Date "2014.2.12"]
[Round "-"]
[White "Clewilson"]
[Black "IgorMoura"]
[Result "1-0"]
[WhiteElo "1564"]
[BlackElo "1259"]

1. e4 e6 2. d4 b6 3. c3 g6 4. g3 Nf6 5. e5 Bb7 6. f3 Nd5 7. a3 c5 8. c4 Nc7 9.
dxc5 bxc5 10. h4 Nc6 11. Bg5 Be7 12. Nc3 Nxe5 13. Ne4 h6 14. Nd6+ Kf8 15. Bxe7+
Kxe7 16. Nxb7 Qb8 17. Qd6+ Kf6 18. Nxc5 Qxb2 19. Nxd7+ Nxd7 20. Rd1 Qc3+ 21. Rd2
Rab8 22. Qxc7 Qe3+ 23. Ne2 Rb1+ 24. Rd1 Rb2 25. Qxd7 Qxf3 26. Rh2 a5 27. Rf2 Qf5
28. Rxf5+ gxf5 29. Qd4+ 1-0

[Event "Challenge"]
[Site "http://www.queenalice.com/game.php?id=1257389"]
[Date "2014.2.17"]
[Round "-"]
[White "IgorMoura"]
[Black "Clewilson"]
[Result "0-1"]
[WhiteElo "1231"]
[BlackElo "1568"]

1. e4 e5 2. d3 b6 3. Nf3 d6 4. b3 g5 5. Nxg5 h6 6. Nf3 f6 7. Nh4 d5 8. Nc3 d4 9.
Nd5 Ne7 10. Nxf6+ Kf7 11. Qf3 Ke6 12. c4 Bg7 13. Nd5 c6 14. Nxe7 Qxe7 15. Nf5
Qf8 16. g4 Bf6 17. Qh3 Bg5 18. f3 Qb4+ 19. Bd2 Qxd2# 0-1

[Event "Challenge"]
[Site "http://www.queenalice.com/game.php?id=1260740"]
[Date "2014.2.28"]
[Round "-"]
[White "Clewilson"]
[Black "IgorMoura"]
[Result "1-0"]
[WhiteElo "1552"]
[BlackElo "1200"]

1. e4 e6 2. d4 Nf6 3. e5 Nd5 4. c4 Nb6 5. c5 Nd5 6. h4 c6 7. Bd2 b6 8. Nf3 bxc5
9. dxc5 Bxc5 10. a3 f6 11. b4 Bb6 12. a4 fxe5 13. Nxe5 Qf6 14. Qe2 d6 15. Ng4
Qxa1 16. Qd1 1-0

[Event "Challenge"]
[Site "http://www.queenalice.com/game.php?id=1263199"]
[Date "2014.3.8"]
[Round "-"]
[White "Clewilson"]
[Black "IgorAbreu"]
[Result "0-1"]
[WhiteElo "1550"]
[BlackElo "1132"]

1. e4 e5 2. d3 d6 3. f3 c5 4. c4 Nc6 5. g3 Nd4 6. f4 g6 7. fxe5 dxe5 8. h4 Qf6
9. Bg5 Qb6 10. b3 f6 11. Be3 Nh6 12. Nc3 Bg4 13. Qd2 Bf3 14. Rh2 Ng4 15. Rh3
Nxe3 16. Qxe3 Nc2+ 17. Kf2 Nxe3 18. Kxe3 Bg4 19. Rh2 a6 20. Nd5 Qd6 21. a4 Rd8
22. a5 Rd7 23. Bh3 Bxh3 24. Nxh3 Bh6+ 25. Kf2 Qe6 26. Kg1 Rxd5 27. cxd5 Qg4 28.
d6 Qxg3+ 29. Kh1 Be3 30. Ng1 Bf4 31. Rh3 Qf2 32. Nf3 O-O 33. Rg1 g5 34. Nh2 Bxh2
35. Rxh2 Qf3+ 36. Rhg2 Qxd3 37. hxg5 fxg5 38. Rxg5+ Kh8 39. Rxe5 Qh3# 0-1

[Event "Serrinha"]
[Site "http://www.queenalice.com/game.php?id=1266304"]
[Date "2014.3.19"]
[Round "-"]
[White "Clewilson"]
[Black "valterbastos"]
[Result "0-1"]
[WhiteElo "1550"]
[BlackElo "1560"]

1. e4 e5 2. d4 d5 3. dxe5 dxe4 4. Qxd8+ Kxd8 5. Nc3 f5 6. f3 Nc6 7. Bf4 Be7 8.
fxe4 fxe4 9. Nxe4 Bf5 10. Bd3 Nh6 11. h3 g5 12. Be3 Nb4 13. Nxg5 Bxd3 14. Ne6+
Kd7 15. Nd4 Be4 16. c3 Nd3+ 17. Kd2 Raf8 18. Bxh6 Rf2+ 19. Ke3 Bxg2 20. Rh2 c5
21. Nb5 a6 22. Rd1 c4 23. Na7 Bc5# 0-1

[Event "Coco"]
[Site "http://www.queenalice.com/game.php?id=1266305"]
[Date "2014.3.19"]
[Round "-"]
[White "valterbastos"]
[Black "Clewilson"]
[Result "0-1"]
[WhiteElo "1586"]
[BlackElo "1575"]

1. Nc3 e5 2. e4 c6 3. Nf3 f6 4. g4 d5 5. d4 Bxg4 6. h3 Bh5 7. Be3 Bb4 8. a3 Ba5
9. b4 Bb6 10. Be2 a5 11. b5 cxb5 12. Bxb5+ Nc6 13. exd5 e4 14. Nxe4 Qxd5 15. Qd3
Bxf3 16. Rg1 Bxe4 17. Qe2 Bf3 18. Qd3 O-O-O 19. c4 Qh5 20. c5 Bc7 21. Rxg7 Qxh3
22. Kd2 Nge7 23. d5 Ne5 24. Qd4 Rxd5 25. Rg3 Qh5 26. Qxd5 Nxd5 27. Bd4 Ng4 28.
Rxf3 Nh2 29. Rd3 Nf4 30. Rb3 Rd8 31. Kc3 Qh3+ 32. Kc4 Qe6+ 33. Kc3 Nf3 34. Bc4
Ne2+ 35. Bxe2 Nxd4 36. Bc4 Qe4 37. Bd3 Qf3 38. Rd1 Qxd1 39. Rb1 Qa4 40. Kb2 Qb3+
41. Kc1 Qxd3 42. Kb2 Be5 43. Ka2 Qd2+ 44. Rb2 Qc3 45. a4 Qc4+ 46. Ka3 Qxc5+ 47.
Ka2 Nc2 48. f4 Qa3+ 49. Kb1 Qxb2# 0-1

[Event "Challenge"]
[Site "http://www.queenalice.com/game.php?id=1268744"]
[Date "2014.3.28"]
[Round "-"]
[White "eduardocosta"]
[Black "Clewilson"]
[Result "0-1"]
[WhiteElo "1683"]
[BlackElo "1534"]

1. e3 e5 2. Be2 d5 3. Nf3 e4 4. Nd4 c5 5. Nb5 a6 6. N5c3 b5 7. a3 h5 8. Nxd5
Qxd5 9. Nc3 Qg5 10. Bf1 Nf6 11. Ne2 Ng4 12. Ng3 Qf6 13. Nxe4 Qf5 14. Qf3 Qe6 15.
Nxc5 Qf6 16. Qxa8 Qxf2+ 17. Kd1 Nxe3+ 18. dxe3 Bg4+ 19. Qf3 Bxf3+ 20. gxf3 Qxf3+
21. Be2 Qxh1+ 0-1

[Event "Challenge"]
[Site "http://www.queenalice.com/game.php?id=1272885"]
[Date "2014.4.13"]
[Round "-"]
[White "dejami"]
[Black "Clewilson"]
[Result "0-1"]
[WhiteElo "1729"]
[BlackElo "1591"]

1. e4 d5 2. e5 Nc6 3. d4 e6 4. c3 h5 5. Nh3 f6 6. f4 fxe5 7. fxe5 Be7 8. Be2 g6
9. Nf4 Rh7 10. Nxg6 Bh4+ 11. Kf1 a5 12. Bxh5 Kd7 13. g3 Rf7+ 14. Kg2 Be7 15. Rf1
Rg7 16. Qg4 b5 17. Qd1 b4 18. Rf3 Qe8 19. Qc2 Ba6 20. Nf8+ Qxf8 21. Rxf8 Rxf8
22. Be2 Nb8 23. Bxa6 Nxa6 24. Qa4+ Kc8 25. Qxa5 Nb8 26. Nd2 Rgf7 27. Nb3 Rf2+
28. Kh3 R8f7 29. Bf4 Rh7+ 30. Kg4 Nh6+ 31. Bxh6 Rxh6 32. h4 Rg6+ 33. Kh3 Rf3 34.
Kg2 Rgxg3+ 35. Kh2 Bxh4 36. Rg1 Rf2+ 37. Rg2 Rfxg2+ 38. Kh1 Rxb2 39. Qxb4 Rf3
40. Kg1 Rff2 41. Qe7 Rb1+ 42. Nc1 Rxc1# 0-1

[Event "Challenge"]
[Site "http://www.queenalice.com/game.php?id=1275568"]
[Date "2014.4.24"]
[Round "-"]
[White "zmanomega"]
[Black "Clewilson"]
[Result "0-1"]
[WhiteElo "1621"]
[BlackElo "1556"]

1. e4 e5 2. Bb5 a6 3. Bc4 b5 4. Bd3 d5 5. Qh5 g6 6. Qf3 Bb7 7. Nh3 Nf6 8. b3
dxe4 9. Bxe4 Bxe4 10. Qe2 Bxg2 11. Rg1 Bxh3 12. Qf3 Bf5 13. Qxa8 Be4 14. Qa7
Nfd7 15. Qe3 Qh4 16. Nc3 Bxc2 17. Rh1 Bc5 18. Qe2 f5 19. d3 Bxf2+ 20. Kd2 b4 21.
Nd1 Bxd1 22. Kxd1 e4 23. Rf1 Bd4 24. Rb1 Qh3 25. Rf3 Qxf3 26. Qxf3 exf3 27. Ke1
Ne5 28. Kf1 h5 29. Bf4 Nxd3 30. Rd1 Nxf4 31. Rxd4 Ne2 32. Rf4 Nxf4 0-1

[Event "Desistiu??????"]
[Site "http://www.queenalice.com/game.php?id=1284095"]
[Date "2014.5.26"]
[Round "-"]
[White "valterbastos"]
[Black "Clewilson"]
[Result "0-1"]
[WhiteElo "1580"]
[BlackElo "1613"]

1. e4 e5 2. Nf3 Qf6 3. g4 Qf4 4. Bh3 Qxe4+ 5. Qe2 Qxc2 6. Nc3 Bb4 7. Nd5 Qc5 8.
Qxe5+ Kd8 9. Qxg7 Qxd5 10. Bg2 Qe6+ 11. Ne5 Bd6 12. d4 Nc6 13. Bf4 Nxd4 14. O-O
Ne2+ 15. Kh1 Nxf4 16. Qg5+ Ne7 17. Rae1 Nxg2 18. Kxg2 Rg8 19. Nxf7+ Qxf7 20. Qe3
Rxg4+ 21. Kh1 Rh4 22. Qg5 Rxh2+ 23. Kg1 Rh5 24. Qg4 Bh2+ 25. Kg2 d6 26. Qe4 Rg5+
27. Kxh2 Qh5+ 28. Qh4 Qxh4# 0-1

[Event "Desiste não!!!"]
[Site "http://www.queenalice.com/game.php?id=1284096"]
[Date "2014.5.26"]
[Round "-"]
[White "Clewilson"]
[Black "valterbastos"]
[Result "1-0"]
[WhiteElo "1628"]
[BlackElo "1563"]

1. e4 e5 2. Qf3 Nf6 3. g4 g5 4. Qf5 d6 5. Qxg5 h6 6. Qh4 Nc6 7. h3 Be7 8. d3
Nxe4 9. Qh5 Bg5 10. Bxg5 Nxg5 11. h4 Ne6 12. g5 Ng7 13. Qf3 Bf5 14. Ne2 d5 15.
Ng3 e4 16. dxe4 Nd4 17. Qd3 Bxe4 18. Qxd4 O-O 19. Rg1 Bf3 20. gxh6 Ne6 21. Qe5
Re8 22. Nf5+ Kh7 23. Rg7+ Kh8 24. h7 f6 25. Qg3 Bh5 26. Be2 c5 27. Bxh5 Nd4+ 28.
Ne3 Nxc2+ 29. Kf1 Nxa1 30. Qg6 Re7 31. Rg8+ Qxg8 32. hxg8=R+ Rxg8 33. Qxf6+ Reg7
34. Nf5 Nc2 35. Bf7 Rf8 36. Qxg7# 1-0

[Event "Challenge"]
[Site "http://www.queenalice.com/game.php?id=1301190"]
[Date "2014.8.13"]
[Round "-"]
[White "IgorAbreu"]
[Black "Clewilson"]
[Result "0-1"]
[WhiteElo "1300"]
[BlackElo "1635"]

1. e4 e5 2. d3 d5 3. f3 Nf6 4. Nc3 d4 5. Nce2 c5 6. c3 b5 7. cxd4 exd4 8. e5 Nd5
9. g3 Nc6 10. f4 c4 11. dxc4 bxc4 12. Nf3 d3 13. Nc3 Ndb4 14. Be3 Bg4 15. Rc1
Qa5 16. h3 Bf5 17. g4 Be4 18. Nxe4 Nxa2+ 19. Nc3 Rb8 20. Bd2 Nxc1 21. Qxc1 h5
22. Ne4 Qd5 23. Nf2 Qxf3 24. Qxc4 Rxb2 25. Bxd3 hxg4 26. Be2 Rb1+ 27. Bc1 Qg2
28. Qd3 Rxc1+ 29. Bd1 g3 30. Qf1 gxf2+ 31. Ke2 Qe4+ 32. Kd2 Qxf4+ 33. Ke2 Nd4+
34. Kd3 Bb4 35. Ba4+ Rc6 36. Bxc6+ Nxc6 37. Qe2 Qd4+ 38. Kc2 Rh4 39. Qb5 Qc5+
40. Qxc5 Bxc5 41. Kd1 Nxe5 42. Ke2 Ng6 43. Rf1 Nf4+ 44. Kf3 g5 45. Rxf2 Bxf2 46.
Kxf2 Nxh3+ 47. Kg3 a5 0-1

[Event "Challenge"]
[Site "http://www.queenalice.com/game.php?id=1307077"]
[Date "2014.9.9"]
[Round "-"]
[White "Rogerio11"]
[Black "Clewilson"]
[Result "0-1"]
[WhiteElo "1269"]
[BlackElo "1651"]

1. e4 e5 2. Bc4 Nf6 3. g4 c6 4. d3 d5 5. exd5 cxd5 6. Bb5+ Bd7 7. a4 a6 8. Bxd7+
Qxd7 9. Nf3 e4 10. dxe4 dxe4 11. Ne5 Qd5 12. Qxd5 Nxd5 13. c4 Nf6 14. Nc3 Bd6
15. g5 Nfd7 16. Ng4 Nc6 17. Nxe4 Bb4+ 18. Bd2 f5 19. Ne5 Ndxe5 20. Ng3 Nf3+ 21.
Ke2 Nxd2 22. Nxf5 O-O-O 23. Nxg7 Rd7 24. Nf5 Re8+ 25. Kd1 Nb3+ 26. Kc2 Nxa1+ 27.
Kb1 Nb3 28. Ka2 Nd2 29. h4 Rd3 30. Ng7 Ra3+ 31. bxa3 Re2 32. f4 Bf8 33. Nh5 Nd4
34. Nf6 Nxc4+ 35. Ka1 Nb3+ 36. Kb1 Nxa3# 0-1